Normal view
MARC view
- NUMBERS,PRIME FACTORIZATION-MATHEMATICS
Entry Topical Term
001 - CONTROL NUMBER
- control field: 79998
003 - CONTROL NUMBER IDENTIFIER
- control field: NUST
005 - DATE AND TIME OF LATEST TRANSACTION
- control field: 20210628210554.0
008 - FIXED-LENGTH DATA ELEMENTS
- fixed length control field: 210628|| aca||aabn | a|a d
040 ## - CATALOGING SOURCE
- Original cataloging agency: NUST
- Transcribing agency: NUST
150 ## - HEADING--TOPICAL TERM
- Topical term or geographic name entry element: NUMBERS,PRIME FACTORIZATION-MATHEMATICS
670 ## - SOURCE DATA FOUND
- Source citation: Work cat.: (NUST): Bressoud, David.M 77963, Factorization and primality testing, 1989
